000 00461nam a2200181Ia 4500
001 13246
005 20260306163039.0
008 260306t2008||||xx |||||||||||||| ||spa||
041 _aESP
082 _a001.42
_bG49
100 _aGiroux, Sylvain
_eAUT
245 0 _aMetodología de las ciencias humanas:
_bla investigación en acción
260 _c2008
300 _a280 páginas :
_c27 cm.
650 _aGEN
654 _aCHU
942 _cLIB
_dJUS
_fJUS
_2ddc
_n
999 _c13246
_d13246